| 000 | 00553nam a2200217Ia 4500 | ||
|---|---|---|---|
| 005 | 20250425161350.0 | ||
| 008 | 250425s9999 xx 000 0 und d | ||
| 020 | _a0803102372 | ||
| 041 | _aeng | ||
| 082 | _a624.15132 | ||
| 100 | _aPINCUS, HOWARD J. | ||
| 245 | 0 | _aMEASUREMENT OF ROCK PROPERTIES AT ELEVATED PRESSURES AND TEMPERATURES | |
| 250 | _aS.E. | ||
| 260 |
_aEstados Unidos _bASTM _c1985 |
||
| 260 | _aPHILADELPHIA | ||
| 300 | _a161 | ||
| 650 | _aMECANICA DE ROCAS | ||
| 700 | _aHOSKINS, EARL R. | ||
| 942 | _c01 | ||
| 010 | _a18681 | ||
| 999 |
_c207787 _d207787 |
||